000 00780cam a22002537a 4500
003 CHAP
005 20220329134545.0
008 971013s1982 r 00010 d
010 _a22166
011 _a23138
035 _a27233
040 _cCHAP
090 _aD-115
110 2 _aColegio Superior de Agricultura Tropical. Cárdenas, Tab.
_925113
245 1 0 _aEnfermedades del cacao (Diapositiva)
260 _aCárdenas, Tab. :
_bColegio Superior de Agricultura Tropical,
_c(1982?)
300 _a12 diapositivas col. 2 x 2 plg. 1 guía
590 _aBATCH-UPD
_b10
_c20130110
_lUCH01
_h1700
590 _aCONVERSION
_b10
_c20130109
_lUCH01
_h1313
650 1 4 _aCacao
_xEnfermedades.
_916941
901 _aBK
942 _cD
949 _aD-115
_bBC
_cD
_d-62994
_eD
_i27233
_mD
_si
999 _c22166
_d22166